[Event "Bucaramanga op"]
[Site "Bucaramanga"]
[Date "2023.09.07"]
[Round "4"]
[White "Solano Trillos, Thaliana"]
[Black "Reyes Rojas, Jorge"]
[Result "1-0"]
[WhiteElo "1369"]
[BlackElo "1600"]
[PlyCount "76"]
[EventDate "2023.09.06"]
[EventType "swiss"]
[EventRounds "9"]
[EventCountry "COL"]
[SourceTitle "CBM 216 Extra"]
[Source "ChessBase"]
[SourceDate "2023.11.30"]
[SourceVersion "1"]
[SourceVersionDate "2023.11.30"]
[SourceQuality "1"]

1. e4 e5 2. Nf3 Nc6 3. Nc3 Nf6 4. Bb5 d6 5. d4 Bd7 6. Bxc6 Bxc6 7. dxe5 Nxe4 8. Nxe4 Bxe4 9. 0-0 d5 10. Re1 Be7 11. Bf4 0-0 12. Nd4 c5 13. f3 Bg6 14. Nb5 a6 15. Nd6 Qb6 16. Qxd5 Bxd6 17. exd6 Bxc2 18. Rac1 Ba4 19. Rxc5 Bc6 20. Qd4 Rad8 21. Be5 f6 22. Bg3 Rd7 23. Bf2 Qd8 24. Bg3 Re8 25. Rd1 Re6 26. Qc4 Qe8 27. Re1 Kf7 28. f4 g6 29. f5 gxf5 30. Rxf5 Bb5 31. Qb3 Rd8 32. Rh5 Kg7 33. Qxe6 Qxh5 34. Qe7+ Kg6 35. Qxd8 Qc5+ 36. Bf2 Qc2 37. d7 Bc6 38. Qg8+ Kf5 1-0